Dragon healer / (Record no. 205936)
[ view plain ]
| 000 -LEADER | |
|---|---|
| fixed length control field | 01283nam a2200349 i 4500 |
| 001 - CONTROL NUMBER | |
| control field | BK0016237930 |
| 005 - DATE AND TIME OF LATEST TRANSACTION | |
| control field | 20160218172352.0 |
| 008 - FIXED-LENGTH DATA ELEMENTS--GENERAL INFORMATION | |
| fixed length control field | 150908s2015 nyua j 000 1 eng d |
| 010 ## - LIBRARY OF CONGRESS CONTROL NUMBER | |
| LC control number | bl2015035958 |
| 020 ## - INTERNATIONAL STANDARD BOOK NUMBER | |
| International Standard Book Number | 9780448461960 : PAP |
| Terms of availability | 5.99 |
| 020 ## - INTERNATIONAL STANDARD BOOK NUMBER | |
| International Standard Book Number | 044846196X : PAP |
| Terms of availability | 5.99 |
| Qualifying information | pbk. |
| 037 ## - SOURCE OF ACQUISITION | |
| Source of stock number/acquisition | Penguin Group USA, Order Processing Dept 120 Woodbine st, Bergenfield, NJ, USA, 07621 |
| Note | SAN 201-3975 |
| 040 ## - CATALOGING SOURCE | |
| Original cataloging agency | NjBwBT |
| Language of cataloging | eng |
| Transcribing agency | NjBwBT |
| Description conventions | rda |
| 050 14 - LIBRARY OF CONGRESS CALL NUMBER | |
| Classification number | PZ7.C62935 |
| Item number | Dr 2015 |
| 082 04 - DEWEY DECIMAL CLASSIFICATION NUMBER | |
| Classification number | [E] |
| Edition number | 23 |
| 092 ## - LOCALLY ASSIGNED DEWEY CALL NUMBER (OCLC) | |
| Classification number | E |
| 100 1# - MAIN ENTRY--PERSONAL NAME | |
| Personal name | Coats, Lucy, |
| Relator term | author. |
| 245 10 - TITLE STATEMENT | |
| Title | Dragon healer / |
| Statement of responsibility, etc | by Lucy Coats ; art by Brett Bean. |
| 264 #1 - Production, Publication, Distribution, Manufacture, and Copyright Notice. | |
| Place of production, publication, distribution, manufacture | New York, New York : |
| Name of producer, publisher, distributor, manufacturer | Grosset & Dunlap, |
| Date of production, publication, distribution, manufacture, or copyr | [2015] |
| 300 ## - PHYSICAL DESCRIPTION | |
| Extent | 136 pages : |
| Other physical details | illustrations ; |
| Dimensions | 20 cm. |
| 336 ## - Content Type | |
| Content type term | text |
| 337 ## - Media type | |
| Media type term | unmediated |
| 338 ## - Carrier type | |
| Carrier type term | volume |
| 490 1# - SERIES STATEMENT | |
| Series statement | Beasts of Olympus |
| 520 ## - SUMMARY, ETC. | |
| Summary, etc | When the god of war leaves his smelly, unhappy battle dragon with Demon, he must figure out a way to cure the beast without his magic medicine box. |
| 650 #1 - SUBJECT ADDED ENTRY--TOPICAL TERM | |
| Topical term or geographic name as entry element | Dragons |
| Form subdivision | Fiction. |
| 650 #1 - SUBJECT ADDED ENTRY--TOPICAL TERM | |
| Topical term or geographic name as entry element | Animals, Mythical |
| Form subdivision | Fiction. |
| 650 #1 - SUBJECT ADDED ENTRY--TOPICAL TERM | |
| Topical term or geographic name as entry element | Care of sick animals |
| Form subdivision | Fiction. |
| 650 #1 - SUBJECT ADDED ENTRY--TOPICAL TERM | |
| Topical term or geographic name as entry element | Fantasy. |
| 700 1# - ADDED ENTRY--PERSONAL NAME | |
| Personal name | Bean, Brett, |
| Relator term | illustrator. |
| 800 1# - SERIES ADDED ENTRY--PERSONAL NAME | |
| Personal name | Coats, Lucy. |
| Title of a work | Beasts of Olympus. |
| Withdrawn status | Lost status | Source of classification or shelving scheme | Damaged status | Not for loan | Collection code | Home library | Current library | Shelving location | Date acquired | Cost, normal purchase price | Total Checkouts | Total Renewals | Full call number | Barcode | Date last seen | Date checked out | Cost, replacement price | Price effective from | Koha item type |
|---|---|---|---|---|---|---|---|---|---|---|---|---|---|---|---|---|---|---|---|
| Dewey Decimal Classification | Junior Fiction | Wasatch County Library | Wasatch County Library | Main Floor Junior Area | 10/25/2017 | 16.99 | 15 | 12 | J Coats | 34301001505314 | 08/11/2025 | 07/21/2025 | 16.99 | 03/20/2020 | BOOK |
